Countries of Africa - 75 Second Sprint - Statistics

General Stats
  • This quiz has been taken 100 times
  • The average score is 46 of 54
Answers on the Map
Answers color-coded by a green-red scale on the quiz's map according to % correct below.
 
Answer Stats
Country % Correct
Algeria
100%
Angola
100%
Botswana
100%
Burkina Faso
100%
Burundi
100%
Cameroon
100%
Cape Verde
100%
Central African Republic
100%
Chad
100%
Comoros
100%
Djibouti
100%
D.R. Congo
100%
Egypt
100%
Equatorial Guinea
100%
Eritrea
100%
Eswatini
100%
Ethiopia
100%
Gabon
100%
Gambia
100%
Ghana
100%
Guinea
100%
Guinea-Bissau
100%
Rep. of the Congo
100%
Benin
75%
Ivory Coast
75%
Kenya
75%
Lesotho
75%
Liberia
75%
Libya
75%
Madagascar
75%
Malawi
75%
Mali
75%
Mauritania
75%
Mauritius
75%
Morocco
75%
Mozambique
75%
Namibia
75%
Niger
75%
Nigeria
75%
Rwanda
75%
São Tomé and Príncipe
75%
Senegal
75%
Seychelles
75%
Somalia
75%
South Africa
75%
South Sudan
75%
Sudan
75%
Tanzania
75%
Togo
75%
Tunisia
75%
Uganda
75%
Zambia
75%
Zimbabwe
75%
Sierra Leone
50%
No matching quizzes found
Score Distribution
Percent of People with Each Score
Percentile by Number Answered
Your Score History
You have not taken this quiz